Bahía : 100 años de ciudad.

Bahía Blanca: desarrollo y crecimiento de la actividad económica, social y cultural de la ciudad. Testimonios de vecinos.

Guardado en:
Formato: Deslizar
Materias:
Etiquetas: Agregar Etiqueta
Sin Etiquetas, Sea el primero en etiquetar este registro!
LEADER 00745ngm a22001935g 4500
001 CEM.cems022404
008 130507b1998##################0###0#####d
005 20241031183141.0
245 0 0 |a Bahía :  |b 100 años de ciudad. 
300 |a 119'. 
500 |a En soporte VHS, consultar en ventanilla. 
520 |a Bahía Blanca: desarrollo y crecimiento de la actividad económica, social y cultural de la ciudad. Testimonios de vecinos. 
538 |a Soporte: VHS - Norma: Pal N - Color: Si - Grabación DRD 1998 - Hitachi=1555 
082 9 1 |. 1/BAH-3 
653 |a BAHIA BLANCA 
653 |a BAHIA BLANCA-URBANISMO 
653 |a NIVEL PRIMARIO 
653 |a NIVEL SECUNDARIO 
859 |a CEMS  |b BIB. CEMS - Depto. Recursos Didacticos  |h 918.1  |i BAH-3  |k DRD  |p 1047.12  |t Ej.1